Rammstein-piosenki - Statystyki

Ogólne statystyki
  • Ten quiz został rozwiązany 379 razy
  • Średni wynik to 5 z 10
Statystyki odpowiedzi
Pierwsze słowa tekstu Tytuł piosenki % Poprawnych
Ich reise viel, ich reise gernFern und nah und nah und fern Ich bin zuhause überall Meine Sprache: international Ausländer
84%
Too big, too smallSize does matter after all
Zu groß, zu klein Er könnte etwas größer sein
PUSSY
78%
Alle warten auf das Licht Fürchtet euch, fürchtet euch nicht Die Sonne scheint mir aus den Augen
Sie wird heut Nacht nicht untergehen Und die Welt zählt laut bis zehn
Sonne
70%
Wenn die Kinder unerzogenSchon der Vater hat gedroht Der schwarze Mann, er wird dich holen Wenn du nicht folgst meinem Gebot Angst
49%
Wir durften nicht dazugehörenNichts sehen, reden oder hören Doch jede Nacht für ein, zwei Stunden Bin ich dieser Welt entschwunden Radio
39%
Verlangen verfluchenVerdammen Versuchung Verdammnis versprechen Verüben sie Verbrechen Zeig dich
36%
Bist du traurig, so wie ichDir laufen Tränen vom Gesicht Komm zu uns und reih dich ein Wir woll'n zusammen traurig sein Armee der Tristen
35%
Wir teilen Zimmer und das BettBruderlein komm sei so nett Bruderlein komm fass mich an rutsch ganz dicht an mich heran Spiel mit mir
26%
Nur der Tod währt alle ZeitEr flüstert unter'm Tannenzweig Muss alles in sein Dunkel ziehen Sogar die Sonne wird verglühen Adieu
23%
Sie sagen zu mir Schließ auf diese Tür
Die Neugier wird zum Schrei Was wohl dahinter sei
Klavier
22%
Nie znaleziono quizów pasujących do podanych kryteriów
Rozkład punktacji
Procent ludzi z każdym wynikiem
Percentyl według liczby udzielonych odpowiedzi
Twoja historia wyników
Nie rozwiązałeś tego quizu